Score 0/10 Timer 02:00
35 Plays Today
Hint Answer % Correct
StateNone
100%
CountryJapan
88.4%
CountryJamaica
83.5%
CountryJordan
77.2%
CapitalJakarta
75.9%
State CapitalJackson
75.1%
State CapitalJuneau
67.2%
State CapitalJefferson City
61%
CapitalJerusalem
56.4%
CapitalJuba
50.5%

You're not logged in!

Compare scores with friends on all Sporcle quizzes.
OR
Log In

Sporcle TV

Today on Sporcle TV


Watch our educational content, quiz creation guides, and fun videos on Sporcle TV.

Show Comments

Extras

Top Quizzes Today


Score Distribution

Paid Content

Your Account Isn't Verified!

In order to create a playlist on Sporcle, you need to verify the email address you used during registration. Go to your Sporcle Settings to finish the process.

Report this User

Report this user for behavior that violates our Community Guidelines.

Details: